| 000 | 00000nam##2200000za#4500 |
| 001 | 9.612261 |
| 003 | CaOODSP |
| 005 | 20210929082755 |
| 007 | ta |
| 008 | 150406|1995||||xxc||||| f|0| 0 eng|d |
| 020 | |a0-662-23499-5 |
| 040 | |aCaOODSP|beng |
| 043 | |an-cn--- |
| 086 | 1 |aFo29-6/31-1995E |
| 110 | 1 |aCanada. |bNatural Resources Canada. |bCanadian Forest Service. |
| 245 | 10|aSpruce budworms / |cby L. S. Unger. |
| 260 | |aVictoria - British Columbia : |bNatural Resources Canada. |c1995. |
| 300 | |a4p. : |bfigs., references ; |c28 cm. |
| 490 | 1 |aForest pest leaflet|v31 |
| 590 | |a95-30|b1995-07-28 |
| 690 | 07|aInsects|2gcpds |
| 720 | 1 |aUnger, L. S. |
| 776 | 0#|tSpruce budworms / |w(CaOODSP)9.573477 |
| 830 | #0|aForest pest leaflet ;|v31|w(CaOODSP)9.514653 |